Appraisal information Sources

Bibliographic Details
Main Author: Davis, Jerry C.
Format: Book
Published: Chicago,Illinois,USA : The Society of Real Estate Appraisers Inc. , Nov 1971
Subjects:

MARC

LEADER 00000cam a2200000 7i4500
001 0000007945
005 20170104.0
040 |a INS 
090 0 0 |a HD1387   |b A67 1971 
100 1 |a Davis, Jerry C. 
245 0 0 |a Appraisal information Sources   |c Jerry C. Davis 
260 |a Chicago,Illinois,USA :   |b The Society of Real Estate Appraisers Inc. ,   |c Nov 1971 
300 |a 117 p. ;   |c 24 cm. 
650 0 0 |a Real property   |x Valuation   |v Bibliography 
650 0 0 |a Tax assessment-Bibliography 
999 |a 0000022683   |b BOOK   |c Open Shelf   |e Default branch